<?xml version="1.0" encoding="UTF-8"?>
<record
    xmlns:xsi="http://www.w3.org/2001/XMLSchema-instance"
    xsi:schemaLocation="http://www.loc.gov/MARC21/slim http://www.loc.gov/standards/marcxml/schema/MARC21slim.xsd"
    xmlns="http://www.loc.gov/MARC21/slim">

  <leader>00661nam a2200205Ia 4500</leader>
  <controlfield tag="003">OSt</controlfield>
  <controlfield tag="005">20250515115537.0</controlfield>
  <controlfield tag="008">220927b        |||||||| |||| 00| 0 eng d</controlfield>
  <datafield tag="037" ind1=" " ind2=" ">
    <subfield code="c">Textual</subfield>
  </datafield>
  <datafield tag="040" ind1=" " ind2=" ">
    <subfield code="a">SDCL</subfield>
    <subfield code="c">SDCL</subfield>
    <subfield code="b">eng</subfield>
  </datafield>
  <datafield tag="041" ind1=" " ind2=" ">
    <subfield code="2">hin</subfield>
    <subfield code="a">hin</subfield>
  </datafield>
  <datafield tag="084" ind1=" " ind2=" ">
    <subfield code="a">O152,3N6:(Y) M6</subfield>
  </datafield>
  <datafield tag="100" ind1=" " ind2=" ">
    <subfield code="a">Prakash, Ram</subfield>
    <subfield code="9">504463</subfield>
  </datafield>
  <datafield tag="245" ind1=" " ind2="0">
    <subfield code="a">Premchandotar upanyaso mein sanskritik mulyo ka vighatana.</subfield>
  </datafield>
  <datafield tag="246" ind1=" " ind2=" ">
    <subfield code="a">&#x92A;&#x94D;&#x930;&#x947;&#x92E;&#x91A;&#x928;&#x94D;&#x926;&#x94B;&#x924;&#x94D;&#x924;&#x930; &#x909;&#x92A;&#x928;&#x94D;&#x92F;&#x93E;&#x938;&#x94B;&#x902; &#x92E;&#x947;&#x902; &#x938;&#x93E;&#x902;&#x938;&#x94D;&#x915;&#x943;&#x924;&#x93F;&#x915; &#x92E;&#x942;&#x932;&#x94D;&#x92F;&#x94B;&#x902; &#x915;&#x93E; &#x935;&#x93F;&#x918;&#x91F;&#x928; </subfield>
  </datafield>
  <datafield tag="260" ind1=" " ind2=" ">
    <subfield code="c">1986.</subfield>
  </datafield>
  <datafield tag="300" ind1=" " ind2=" ">
    <subfield code="a">458p.</subfield>
  </datafield>
  <datafield tag="942" ind1=" " ind2=" ">
    <subfield code="c">TEXL</subfield>
    <subfield code="2">CC</subfield>
    <subfield code="n">0</subfield>
  </datafield>
  <datafield tag="999" ind1=" " ind2=" ">
    <subfield code="c">822953</subfield>
    <subfield code="d">822953</subfield>
  </datafield>
  <datafield tag="952" ind1=" " ind2=" ">
    <subfield code="0">0</subfield>
    <subfield code="1">0</subfield>
    <subfield code="4">0</subfield>
    <subfield code="7">0</subfield>
    <subfield code="a">SDCL</subfield>
    <subfield code="b">SDCL</subfield>
    <subfield code="d">2022-09-28</subfield>
    <subfield code="l">0</subfield>
    <subfield code="o">O152,3N6:(Y) M6</subfield>
    <subfield code="p">SC0504714</subfield>
    <subfield code="r">2022-09-28 00:00:00</subfield>
    <subfield code="w">2022-09-28</subfield>
    <subfield code="y">TEXL</subfield>
  </datafield>
</record>
